Urdu zaban ki tadrees-I (Pedagogy of urdu language-I): te (Record no. 173936)

MARC details
000 -LEADER
fixed length control field 00503nam a2200145Ia 4500
005 - DATE AND TIME OF LATEST TRANSACTION
control field 20240821160627.0
008 - FIXED-LENGTH DATA ELEMENTS--GENERAL INFORMATION
fixed length control field 240821s9999||||xx |||||||||||||| ||und||
082 ## - DEWEY DECIMAL CLASSIFICATION NUMBER
Classification number 491.439071
100 ## - MAIN ENTRY--PERSONAL NAME
Personal name National Council of Educational Research and Training (NCERT
245 #0 - TITLE STATEMENT
Title Urdu zaban ki tadrees-I (Pedagogy of urdu language-I): te
260 ## - PUBLICATION, DISTRIBUTION, ETC.
Place of publication, distribution, etc. New Delhi
Name of publisher, distributor, etc. National Council of Educational Research and Training (NCERT
Date of publication, distribution, etc. 2021
300 ## - PHYSICAL DESCRIPTION
Extent xv,164p.
650 ## - SUBJECT ADDED ENTRY--TOPICAL TERM
Topical term or geographic name entry element Urdu language, Teacher training
942 ## - ADDED ENTRY ELEMENTS (KOHA)
Koha item type Book
Holdings
Withdrawn status Lost status Damaged status Not for loan Home library Current library Date acquired Total checkouts Barcode Date last seen Price effective from Koha item type
        Library and Documentation Division NCERT Library and Documentation Division NCERT 08/21/2024   F33023 08/21/2024 08/21/2024 Book